LDR 00874naa#a2200181#i#450# 001 RU\\bibl\121448 005 20260516075815.6 011 ## _a1994-4683 100 ## _a20230531b2023####ek#y0rusy0150####ca 102 ## _aRU 200 1# _aФИЗИЧЕСКАЯ АКТИВНОСТЬ И РЕЖИМ ЛЮДЕЙ ПОЖИЛОГО ВОЗРАСТА _eЖурнальная статья 210 1# _aМосква _cНациональный государственный Университет физической культуры, спорта и здоровья им. П.Ф. Лесгафта _d2023 215 ## _a4 с. 608 ## _aЖурнальная статья _2local 675 ## _aФилософия. Теория. Назначение. Методика. Этика. Эстетика. 796.01 _z 700 #1 _aПиткин _gВ А 700 #1 _aЛисицкая _gМ Д 856 4# _auchzapiski.lesgaft.spb.ru _u